Lý thuyết chuyển động và ổn định
Đã lưu trong:
| Príomhúdar: | |
|---|---|
| Formáid: | Leabhar |
| Teanga: | Undetermined |
| Foilsithe: |
Hà Nội
ĐH và THCN
1980
|
| Ábhair: | |
| Clibeanna: |
Cuir Clib Leis
Gan Chlibeanna, Bí ar an gcéad duine leis an taifead seo a chlibeáil!
|
| Thư viện lưu trữ: | Trung tâm Học liệu Trường Đại học Cần Thơ |
|---|
| LEADER | 00488nam a2200169Ia 4500 | ||
|---|---|---|---|
| 001 | CTU_2257 | ||
| 008 | 210402s9999 xx 000 0 und d | ||
| 082 | |a 531.1 | ||
| 082 | |b M251 | ||
| 100 | |a I G Malklin | ||
| 245 | 0 | |a Lý thuyết chuyển động và ổn định | |
| 245 | 0 | |c I G Malklin, Phạm Huyễn | |
| 260 | |a Hà Nội | ||
| 260 | |b ĐH và THCN | ||
| 260 | |c 1980 | ||
| 650 | |a dynamics,mechanics | ||
| 980 | |a Trung tâm Học liệu Trường Đại học Cần Thơ | ||